[Event "4NCL Division Three West"]
[Site "Warwick, ENG"]
[Date "2023.04.30"]
[Round "10.21"]
[White "Southcott-Moyers, Indy"]
[Black "Jogstad, Martin"]
[Result "0-1"]
[WhiteElo "2112"]
[BlackElo "2403"]
[PlyCount "108"]
[EventDate "2023.04.30"]
[WhiteTeam "West is Best 2"]
[BlackTeam "CSC/Kingston 1"]

1. d4 d5 2. c4 c6 3. Nf3 Nf6 4. e3 Bf5 5. Nc3 e6 6. Nh4 Be4 7. f3 Bg6 8. Qb3
Qb6 9. Nxg6 hxg6 10. Bd2 Bd6 11. f4 dxc4 12. Bxc4 Nbd7 13. Be2 a5 14. Qxb6 Nxb6
15. O-O Nbd5 16. Bf3 Nb6 17. Be2 Ke7 18. Rad1 a4 19. a3 Nbd5 20. Bf3 Nxc3 21.
Bxc3 Nd5 22. Bd2 g5 23. g3 gxf4 24. gxf4 g5 25. e4 Nxf4 26. e5 Bc7 27. Bxf4
gxf4 28. Rd3 Rad8 29. Re1 Rxd4 30. Rxd4 Bb6 31. Ree4 Rd8 32. Rxf4 Rxd4 33. Rf6
Rf4+ 34. Kg2 Rxf6 35. exf6+ Kxf6 36. Bd1 Bd4 37. b3 axb3 38. Bxb3 Ke5 39. Kf3
Bb2 40. a4 Kd4 41. h4 Kd3 42. Ba2 c5 43. Bb1+ Kd2 44. Ba2 Kc3 45. Ke2 Kb4 46.
Bb1 Kxa4 47. Bh7 c4 48. Bg8 Kb3 49. Bxf7 Bc1 50. Bxe6 Bh6 51. Kf2 b5 52. Ke2
Kb2 53. Kf3 c3 54. Bf7 b4 0-1

[Event "4NCL Division Three West"]
[Site "Warwick, ENG"]
[Date "2023.04.30"]
[Round "10.22"]
[White "Finn, Peter"]
[Black "Saunders, Aron"]
[Result "1-0"]
[WhiteElo "2285"]
[BlackElo "2117"]
[PlyCount "147"]
[EventDate "2023.04.30"]
[WhiteTeam "CSC/Kingston 1"]
[BlackTeam "West is Best 2"]

1. c4 c6 2. Nf3 Nf6 3. Nc3 d5 4. e3 g6 5. d4 Bg7 6. Bd2 O-O 7. Rc1 Nbd7 8. cxd5
cxd5 9. Bd3 b6 10. O-O Bb7 11. Qb3 a6 12. Rfd1 e6 13. Be1 Re8 14. a4 Ne4 15.
Bxe4 dxe4 16. Nd2 f5 17. Nc4 Bf8 18. Na5 Qb8 19. Nxb7 Qxb7 20. Ne2 Nf6 21. Nf4
Nd5 22. Nxd5 exd5 23. Rc2 Rac8 24. Rdc1 Rxc2 25. Qxc2 Kf7 26. g3 h5 27. h4 Re6
28. a5 b5 29. Qb3 Bd6 30. Bb4 Bxb4 31. Qxb4 Rc6 32. Rc5 Ke6 33. Qc3 Kd6 34. b4
Qd7 35. Kg2 Qe8 36. Qb3 Qe6 37. Qa2 Qf7 38. Qc2 Qe8 39. Qc3 Qd7 40. Qc1 Qe8 41.
Qc2 Qd7 42. f3 Rxc5 43. dxc5+ Kc6 44. Qc3 Qe6 45. Qd4 f4 46. fxe4 dxe4 47. exf4
Qa2+ 48. Kg1 Qb1+ 49. Kf2 e3+ 50. Ke2 Qc2+ 51. Kxe3 Qc1+ 52. Ke2 Qc2+ 53. Qd2
Qe4+ 54. Kf2 Kb7 55. Qd7+ Kb8 56. Qd8+ Kb7 57. Qb6+ Kc8 58. Qxa6+ Kd8 59. Qd6+
Kc8 60. Qf8+ Kd7 61. Qg7+ Kc8 62. Qh8+ Kd7 63. Qb2 Qh1 64. Qd2+ Kc8 65. Qe1
Qh2+ 66. Kf3 Qc2 67. Qe8+ Kc7 68. Qe7+ Kc8 69. Qe6+ Kc7 70. Qd6+ Kc8 71. c6
Qc3+ 72. Ke4 Qe1+ 73. Kd5 Qd2+ 74. Kc5 1-0

[Event "4NCL Division Three West"]
[Site "Warwick, ENG"]
[Date "2023.04.30"]
[Round "10.23"]
[White "Rathbone-Jones, Ifan"]
[Black "Farrand, Tom"]
[Result "0-1"]
[WhiteElo "2059"]
[BlackElo "2137"]
[PlyCount "90"]
[EventDate "2023.04.30"]
[WhiteTeam "West is Best 2"]
[BlackTeam "CSC/Kingston 1"]

1. d4 f5 2. Nf3 Nf6 3. Bf4 e6 4. e3 b6 5. h3 Bb7 6. g4 Be7 7. gxf5 exf5 8. Rg1
g6 9. a3 Ne4 10. Bd3 Bf6 11. Bxe4 fxe4 12. Ne5 d6 13. Ng4 Bg7 14. Nc3 Nd7 15.
Qe2 Nf6 16. Bg5 h6 17. Bxf6 Bxf6 18. Qb5+ c6 19. Nxf6+ Qxf6 20. Nxe4 Qe6 21.
Qd3 O-O-O 22. O-O-O g5 23. Rg3 Rhf8 24. Rf1 Rf5 25. Nd2 Rdf8 26. f3 Qa2 27. Nb3
a5 28. Qc4 Kb8 29. Qc3 c5 30. Kd2 a4 31. Ra1 axb3 32. Rxa2 bxa2 33. b3 cxd4 34.
Qa1 Rxf3 35. Rxf3 Rxf3 36. exd4 Rxh3 37. d5 g4 38. Qxa2 g3 39. Qa1 g2 40. Qh8+
Ka7 41. Qg7 Rh5 42. Qg4 Rxd5+ 43. Ke2 Rg5 44. Qa4+ Ba6+ 45. Qb5 Bxb5+ 0-1

[Event "4NCL Division Three West"]
[Site "Warwick, ENG"]
[Date "2023.04.30"]
[Round "10.24"]
[White "Frostick, Clive A"]
[Black "Bullen, Alex"]
[Result "0-1"]
[WhiteElo "2124"]
[BlackElo "2157"]
[PlyCount "70"]
[EventDate "2023.04.30"]
[WhiteTeam "CSC/Kingston 1"]
[BlackTeam "West is Best 2"]

1. e4 c6 2. Nc3 d5 3. Nf3 dxe4 4. Nxe4 Nf6 5. Qe2 Nxe4 6. Qxe4 Nd7 7. Bc4 Nf6
8. Ne5 e6 9. Qe2 b5 10. Bb3 Qc7 11. a4 Bd6 12. Nf3 a6 13. d4 O-O 14. O-O Bb7
15. Re1 c5 16. dxc5 Bxc5 17. axb5 Ng4 18. Be3 Bxf3 19. Qxf3 Qxh2+ 20. Kf1 Qh5
21. Kg1 Qh2+ 22. Kf1 Qh4 23. Kg1 Bxe3 24. fxe3 Rad8 25. Qh3 Qf2+ 26. Kh1 Qxe1+
27. Rxe1 Nf2+ 28. Kh2 Nxh3 29. bxa6 Nf2 30. e4 Rd1 31. Re2 Ng4+ 32. Kg3 Ne5 33.
Kf4 Nc6 34. c3 Ra1 35. Bc4 Nb8 0-1

[Event "4NCL Division Three West"]
[Site "Warwick, ENG"]
[Date "2023.04.30"]
[Round "10.25"]
[White "Taylor, William J"]
[Black "Fegan, Chris"]
[Result "1/2-1/2"]
[WhiteElo "2054"]
[BlackElo "2013"]
[PlyCount "33"]
[EventDate "2023.04.30"]
[WhiteTeam "West is Best 2"]
[BlackTeam "CSC/Kingston 1"]

1. e4 c5 2. Nf3 a6 3. c3 d6 4. d4 Bg4 5. dxc5 Bxf3 6. Qxf3 dxc5 7. e5 Nc6 8.
Bf4 e6 9. Nd2 Qd5 10. Bc4 Qxf3 11. Nxf3 Nge7 12. O-O h6 13. h4 Nd5 14. Bg3 Be7
15. Rad1 O-O-O 16. Rfe1 Nb6 17. Bb3 1/2-1/2

[Event "4NCL Division Three West"]
[Site "Warwick, ENG"]
[Date "2023.04.30"]
[Round "10.26"]
[White "Foley, John P"]
[Black "Freeland, Alex"]
[Result "1/2-1/2"]
[WhiteElo "2042"]
[BlackElo "2093"]
[PlyCount "92"]
[EventDate "2023.04.30"]
[WhiteTeam "CSC/Kingston 1"]
[BlackTeam "West is Best 2"]

1. d4 Nf6 2. Nf3 b6 3. e3 Bb7 4. Nbd2 e6 5. Bd3 c5 6. O-O d5 7. c3 Nbd7 8. Qe2
Ne4 9. Ne5 a6 10. f3 Nxd2 11. Bxd2 Nxe5 12. dxe5 Qc7 13. f4 c4 14. Bc2 Rd8 15.
Rad1 Bc5 16. Be1 b5 17. Bh4 Rc8 18. Kh1 h6 19. e4 g5 20. Bg3 h5 21. fxg5 h4 22.
Bf4 h3 23. gxh3 Qc6 24. g6 fxg6 25. Qg4 Kd8 26. Qxg6 Kc7 27. exd5 exd5 28. Rde1
d4+ 29. Qxc6+ Bxc6+ 30. Be4 dxc3 31. e6+ Bd6 32. bxc3 Bxf4 33. Rxf4 Bxe4+ 34.
Rfxe4 Rxh3 35. R4e3 Rxe3 36. Rxe3 Kd8 37. a3 a5 38. Kg2 b4 39. axb4 axb4 40.
cxb4 c3 41. Re1 Ke7 42. Kf3 c2 43. Rc1 Kxe6 44. Ke3 Rc4 45. Kd3 Rxb4 46. Rxc2
Kf5 1/2-1/2

[Event "4NCL Division Three West"]
[Site "Warwick, ENG"]
[Date "2023.04.30"]
[Round "10.31"]
[White "Mazek, Marek"]
[Black "Baer, Bruce L"]
[Result "0-1"]
[WhiteElo "2017"]
[BlackElo "1963"]
[PlyCount "50"]
[EventDate "2023.04.30"]
[WhiteTeam "Manchester Manticores"]
[BlackTeam "Warwickshire Select 2"]

1. d4 g6 2. c4 d6 3. Nc3 Bg7 4. h3 f5 5. Nf3 Nf6 6. Bf4 O-O 7. e3 Qe8 8. Be2 c6
9. Qb3 Nbd7 10. c5+ d5 11. Be5 Ne4 12. Bxg7 Kxg7 13. O-O e5 14. Rfe1 Nxc3 15.
bxc3 e4 16. Nd2 f4 17. c4 f3 18. gxf3 Nf6 19. cxd5 cxd5 20. fxe4 Nxe4 21. Nxe4
Qxe4 22. Bf1 Rf3 23. Bg2 Bxh3 24. Qxb7+ Kh6 25. Qb1 Qg4 0-1

[Event "4NCL Division Three West"]
[Site "Warwick, ENG"]
[Date "2023.04.30"]
[Round "10.32"]
[White "Shearsby, Jude"]
[Black "Lyth, John D"]
[Result "1-0"]
[WhiteElo "2041"]
[BlackElo "1901"]
[PlyCount "85"]
[EventDate "2023.04.30"]
[WhiteTeam "Warwickshire Select 2"]
[BlackTeam "Manchester Manticores"]

1. e4 e5 2. Nf3 Nc6 3. Bb5 a6 4. Ba4 Nf6 5. O-O Be7 6. Re1 b5 7. Bb3 d6 8. c3
O-O 9. h3 Na5 10. Bc2 c5 11. d4 Qc7 12. Nbd2 Rd8 13. d5 Bd7 14. Nf1 Rdb8 15. b3
Nb7 16. Be3 Nd8 17. Ng3 g6 18. Nh2 Ne8 19. Rf1 f6 20. f4 Nf7 21. f5 Ng7 22.
fxg6 hxg6 23. Ng4 Bxg4 24. Qxg4 g5 25. h4 Nh6 26. Qf3 Rf8 27. Nh5 g4 28. Qe2
Kh7 29. Nxg7 Kxg7 30. Bxh6+ Kxh6 31. Qxg4 Rg8 32. Qe6 Rg3 33. Qf7 Rag8 34. Rf5
Rxg2+ 35. Kh1 R2g6 36. Rh5+ Kxh5 37. Qh7+ Kg4 38. Rg1+ Kf4 39. Rxg6 Rxg6 40.
Qxg6 Qd7 41. Qg2 Bf8 42. Qf2+ Kg4 43. Bd1+ 1-0

[Event "4NCL Division Three West"]
[Site "Warwick, ENG"]
[Date "2023.04.30"]
[Round "10.33"]
[White "Potter, Steven"]
[Black "Dicen, Elis Denele"]
[Result "1/2-1/2"]
[WhiteElo "1901"]
[BlackElo "1872"]
[PlyCount "115"]
[EventDate "2023.04.30"]
[WhiteTeam "Manchester Manticores"]
[BlackTeam "Warwickshire Select 2"]

1. d4 d5 2. Bg5 h6 3. Bh4 Nd7 4. e3 Ngf6 5. Bd3 e6 6. Nd2 c5 7. c3 Be7 8. f4 b6
9. Ngf3 Bb7 10. Qe2 Ne4 11. Bxe7 Qxe7 12. O-O O-O 13. Ne5 Ndf6 14. Nxe4 dxe4
15. Ba6 Bxa6 16. Qxa6 Nd5 17. Qe2 Rac8 18. Rad1 Rfd8 19. c4 Nf6 20. b3 Rd6 21.
dxc5 Rxd1 22. Rxd1 Qxc5 23. Nd7 Nxd7 24. Rxd7 a6 25. Rd4 f5 26. Rd7 Rc7 27.
Rd8+ Kh7 28. Kf2 Qe7 29. Qd1 b5 30. Rd4 bxc4 31. Rxc4 Rd7 32. Qe2 Rd3 33. g3
Qd6 34. Rc2 e5 35. fxe5 Qxe5 36. Rd2 Qc3 37. Rc2 Qa1 38. Kg2 Qf6 39. Qf2 Rd5
40. Rd2 Re5 41. Rd7 Rb5 42. Qd2 Qe5 43. Rd4 a5 44. b4 axb4 45. Rxb4 Rd5 46. Qc2
Qd6 47. Rb2 Rd3 48. Qf2 Qc5 49. Rc2 Qa5 50. h4 Ra3 51. Kh3 Qe5 52. Rd2 Qe6 53.
Kh2 Rd3 54. Rb2 Ra3 55. Rb3 Ra5 56. Rb2 Ra3 57. Rb3 Ra5 58. Rb2 1/2-1/2

[Event "4NCL Division Three West"]
[Site "Warwick, ENG"]
[Date "2023.04.30"]
[Round "10.34"]
[White "Sandhu, Manvith"]
[Black "Lonsdale, Jon I"]
[Result "1/2-1/2"]
[WhiteElo "1860"]
[BlackElo "1891"]
[PlyCount "88"]
[EventDate "2023.04.30"]
[WhiteTeam "Warwickshire Select 2"]
[BlackTeam "Manchester Manticores"]

1. e4 c5 2. Nf3 Nc6 3. d4 cxd4 4. Nxd4 e5 5. Nb5 d6 6. N1c3 a6 7. Na3 b5 8. Nd5
Nge7 9. Bd3 Nxd5 10. exd5 Nd4 11. c3 Nf5 12. O-O g6 13. Nc2 Bg7 14. Nb4 O-O 15.
Nc6 Qc7 16. a4 bxa4 17. Rxa4 Ne7 18. Nxe7+ Qxe7 19. Qb3 f5 20. Qa2 Qf7 21. Rd1
f4 22. Bxa6 Rxa6 23. Rxa6 f3 24. Ra7 Qf5 25. Qc4 fxg2 26. Be3 g5 27. Qc7 Qf6
28. Qxg7+ Qxg7 29. Rxg7+ Kxg7 30. Kxg2 g4 31. Ra1 Rf7 32. b4 Kg6 33. b5 Bb7 34.
Kg3 h5 35. Ra7 Rf3+ 36. Kg2 Rf7 37. Ra3 Rc7 38. Ra7 Rf7 39. Bb6 Kf5 40. Kg3 Kg5
41. Bd8+ Kg6 42. Ra3 Rd7 43. Bb6 Kg5 44. Be3+ Kg6 1/2-1/2

[Event "4NCL Division Three West"]
[Site "Warwick, ENG"]
[Date "2023.04.30"]
[Round "10.35"]
[White "Livesey, R Nigel"]
[Black "Fellowes, Billy"]
[Result "0-1"]
[WhiteElo "1816"]
[BlackElo "1721"]
[PlyCount "70"]
[EventDate "2023.04.30"]
[WhiteTeam "Manchester Manticores"]
[BlackTeam "Warwickshire Select 2"]

1. c4 e5 2. g3 Nc6 3. Bg2 f5 4. Nc3 Nf6 5. a3 Be7 6. e3 O-O 7. Nge2 d6 8. O-O
Qe8 9. Nd5 Bd8 10. Nec3 e4 11. d4 exd3 12. Qxd3 Ne5 13. Qe2 c6 14. Nxf6+ Bxf6
15. Bd2 Qf7 16. b3 Be6 17. Rac1 Rae8 18. Rfd1 Nd7 19. Be1 Nc5 20. Qc2 Qc7 21.
Ne2 a5 22. Nd4 Bc8 23. b4 axb4 24. axb4 Ne4 25. Ne2 g6 26. h4 Be5 27. Qd3 Bg7
28. Bxe4 fxe4 29. Qxd6 Qf7 30. b5 Bg4 31. Rd2 Qf3 32. Kh2 Bh3 33. Kxh3 Qh1+ 34.
Kg4 h5+ 35. Kg5 Qh3 0-1

[Event "4NCL Division Three West"]
[Site "Warwick, ENG"]
[Date "2023.04.30"]
[Round "10.36"]
[White "Vaidyanathan, Adithya"]
[Black "Taylor, Mark"]
[Result "1-0"]
[WhiteElo "1387"]
[BlackElo "1811"]
[PlyCount "61"]
[EventDate "2023.04.30"]
[WhiteTeam "Warwickshire Select 2"]
[BlackTeam "Manchester Manticores"]

1. Nf3 Nf6 2. d4 c5 3. d5 d6 4. c4 g6 5. b3 Bg7 6. Bb2 O-O 7. Nbd2 Qa5 8. e3
Na6 9. Be2 e5 10. O-O Qd8 11. e4 Nh5 12. Ne1 Nf4 13. Nd3 Nxe2+ 14. Qxe2 f5 15.
f4 exf4 16. Bxg7 Kxg7 17. e5 g5 18. e6 Qf6 19. Rae1 b5 20. h4 h6 21. Qh5 Qg6
22. Qxg6+ Kxg6 23. cxb5 Nc7 24. Nc4 Nxd5 25. Nxd6 Kf6 26. hxg5+ hxg5 27. Re5
Bxe6 28. Nxc5 Rfe8 29. Rfe1 Rad8 30. Nc4 Ne3 31. Rxe6+ {Scoresheets do not
agree on moves played.} 1-0

[Event "4NCL Division Three West"]
[Site "Warwick, ENG"]
[Date "2023.04.30"]
[Round "10.41"]
[White "Eden, Tomer"]
[Black "Sivakumar, Ashvin"]
[Result "1/2-1/2"]
[WhiteElo "2138"]
[BlackElo "2181"]
[PlyCount "67"]
[EventDate "2023.04.30"]
[WhiteTeam "Barnet Knights B"]
[BlackTeam "Oxford 2"]

1. e4 e5 2. Nf3 Nc6 3. d4 exd4 4. Nxd4 Nf6 5. Nc3 Bb4 6. Nxc6 bxc6 7. Bd3 O-O
8. O-O Re8 9. Qf3 Rb8 10. Bf4 d6 11. Bg5 h6 12. Bxf6 Qxf6 13. Qxf6 gxf6 14. Ne2
Bc5 15. b3 d5 16. Ng3 Rf8 17. h3 a5 18. Kh2 a4 19. f4 axb3 20. axb3 Rb4 21. Ra4
Rxa4 22. bxa4 Bd7 23. a5 Ra8 24. a6 Bc8 25. Ra1 Bd6 26. Nh5 dxe4 27. Bxe4 Rxa6
28. Rxa6 Bxa6 29. Kg3 Be7 30. Bxc6 f5 31. Kf3 Bc4 32. g4 Bd6 33. Ng3 fxg4+ 34.
hxg4 1/2-1/2

[Event "4NCL Division Three West"]
[Site "Warwick, ENG"]
[Date "2023.04.30"]
[Round "10.42"]
[White "Pozimski, Szymon"]
[Black "Banerjee, Supratit"]
[Result "1-0"]
[WhiteElo "1972"]
[BlackElo "2022"]
[PlyCount "203"]
[EventDate "2023.04.30"]
[WhiteTeam "Oxford 2"]
[BlackTeam "Barnet Knights B"]

1. c4 e6 2. Nf3 d5 3. e3 Nf6 4. b3 Be7 5. Bb2 O-O 6. Nc3 c5 7. cxd5 exd5 8. d4
Nc6 9. Be2 Bg4 10. dxc5 Bxc5 11. O-O Qd7 12. Rc1 Rad8 13. Nb5 Be7 14. Nbd4 Bxf3
15. Nxf3 Ne4 16. Qc2 Bf6 17. Bxf6 Nxf6 18. Rfd1 Rc8 19. Qb2 Rfe8 20. a3 Qe7 21.
b4 a6 22. Rd2 h6 23. Rdc2 Qd6 24. Nd4 Ne7 25. b5 Rxc2 26. Rxc2 Ne4 27. bxa6
bxa6 28. Qc1 Rb8 29. Nc6 Nxc6 30. Rxc6 Qd7 31. Bxa6 Rb1 32. Qxb1 Qxc6 33. Bd3
g6 34. Bxe4 dxe4 35. Qa1 Qa4 36. h3 h5 37. Qc1 Kh7 38. Qa1 Kg8 39. Qc1 Kh7 40.
Kh1 Kg8 41. Kh2 Kh7 42. Qb2 Qc4 43. Qd4 Qc7+ 44. g3 f5 45. h4 Qc2 46. Kg2 Qe2
47. a4 Qf3+ 48. Kg1 Qe2 49. Qd7+ Kh6 50. Qd8 Kg7 51. a5 Qe1+ 52. Kg2 Qe2 53.
Qd6 Qf3+ 54. Kg1 Qe2 55. a6 f4 56. Qe5+ Kh7 57. Qxf4 Qxa6 58. Qxe4 Qa1+ 59. Kg2
Qa6 60. Qd5 Qe2 61. Qf7+ Kh8 62. Qf4 Kh7 63. e4 Kg7 64. e5 g5 65. Qxg5+ Kh7 66.
Qe3 Qb5 67. Qe4+ Kh6 68. e6 Kg7 69. e7 Qe8 70. Qe5+ Kh7 71. Qf5+ Kg7 72. Qf8+
Qxf8 73. exf8=N Kxf8 74. Kf3 Kg7 75. Ke4 Kf6 76. Kd5 Kf5 77. f3 Kf6 78. Kd6 Kf5
79. Ke7 Kg6 80. Ke6 Kg7 81. Kf5 Kh6 82. Kf6 Kh7 83. Kg5 Kg7 84. Kxh5 Kf6 85.
Kg4 Ke5 86. Kg5 Kd4 87. h5 Kc3 88. h6 Kd4 89. h7 Ke5 90. h8=Q+ Kd5 91. Qe8 Kd4
92. Kf4 Kc3 93. Ke3 Kc4 94. Qc6+ Kb3 95. Qc5 Kb2 96. g4 Kb3 97. g5 Kb2 98. g6
Kb3 99. g7 Ka2 100. g8=R Kb2 101. Rb8+ Ka2 102. Qa7# 1-0

[Event "4NCL Division Three West"]
[Site "Warwick, ENG"]
[Date "2023.04.30"]
[Round "10.43"]
[White "Dasgupta, Avyukt"]
[Black "Murawski, Jan"]
[Result "1-0"]
[WhiteElo "1980"]
[BlackElo "2016"]
[PlyCount "71"]
[EventDate "2023.04.30"]
[WhiteTeam "Barnet Knights B"]
[BlackTeam "Oxford 2"]

1. b3 d5 2. Bb2 Bg4 3. d3 Nf6 4. Nd2 Nbd7 5. Ngf3 e6 6. g3 Bd6 7. Bg2 O-O 8.
O-O e5 9. h3 Bh5 10. g4 Bg6 11. Nh4 c6 12. e4 Nc5 13. f4 dxe4 14. Nxg6 hxg6 15.
fxe5 Nd5 16. exd6 Ne3 17. Qe2 Nxf1 18. Rxf1 Qxd6 19. Nxe4 Rae8 20. Ba3 Qe5 21.
Qf2 Nxe4 22. Bxe4 f5 23. Bxf8 Rxf8 24. Bg2 b6 25. Bxc6 Rf6 26. Bf3 fxg4 27.
hxg4 g5 28. d4 Qd6 29. c4 Rf4 30. Bd5+ Kf8 31. Qg2 Qd7 32. Qh3 Rxf1+ 33. Qxf1+
Ke8 34. Qe2+ Kd8 35. Qe6 Qc7 36. Qg8+ 1-0

[Event "4NCL Division Three West"]
[Site "Warwick, ENG"]
[Date "2023.04.30"]
[Round "10.44"]
[White "Foster, Timothy"]
[Black "Ethelontis, Alexandros N"]
[Result "1/2-1/2"]
[WhiteElo "1947"]
[BlackElo "2009"]
[PlyCount "87"]
[EventDate "2023.04.30"]
[WhiteTeam "Oxford 2"]
[BlackTeam "Barnet Knights B"]

1. Nf3 d6 2. c4 g6 3. g3 Bg7 4. Nc3 f5 5. Bg2 Nf6 6. O-O O-O 7. d3 Nc6 8. Rb1
a5 9. a3 Nh5 10. Qc2 f4 11. b4 axb4 12. axb4 Bg4 13. e3 e5 14. h3 Bxf3 15. Bxf3
fxg3 16. Bxh5 gxf2+ 17. Rxf2 gxh5 18. b5 Ne7 19. e4 Qd7 20. Kh2 Ng6 21. Nd5
Rxf2+ 22. Qxf2 Rf8 23. Qg3 h4 24. Qg2 c6 25. bxc6 bxc6 26. Nb4 Kh8 27. Nc2 Qf7
28. Be3 Nf4 29. Bxf4 exf4 30. Qf3 Be5 31. Rf1 Rg8 32. Rg1 Rg3 33. Rxg3 hxg3+
34. Kg2 c5 35. Qg4 h5 36. Qc8+ Kg7 37. Ne1 Qa7 38. Kf3 Qa2 39. Qd7+ Kg8 40.
Qd8+ Kg7 41. Qd7+ Kf6 42. Qd8+ Kg6 43. Qe8+ Kg7 44. Qd7+ 1/2-1/2

[Event "4NCL Division Three West"]
[Site "Warwick, ENG"]
[Date "2023.04.30"]
[Round "10.45"]
[White "Horan, George"]
[Black "Dickinson, Tim R"]
[Result "0-1"]
[WhiteElo "2002"]
[BlackElo "2001"]
[PlyCount "86"]
[EventDate "2023.04.30"]
[WhiteTeam "Barnet Knights B"]
[BlackTeam "Oxford 2"]

1. d4 Nf6 2. c4 g6 3. g3 Bg7 4. Bg2 O-O 5. Nf3 d6 6. O-O Nc6 7. Nc3 e5 8. d5
Ne7 9. e4 Nd7 10. Bd2 a5 11. a4 Nc5 12. Be3 h6 13. Bxc5 dxc5 14. Re1 Bg4 15. h3
Bxf3 16. Qxf3 Nc8 17. Rad1 Nd6 18. Qd3 Qe7 19. b3 Rae8 20. Nb5 Kh8 21. Qd2 b6
22. Na7 f5 23. Nc6 Qf6 24. f4 fxe4 25. fxe5 Rxe5 26. Nxe5 Qxe5 27. Qe3 Nf5 28.
Qxe4 Qxg3 29. Qf3 Qg5 30. Qg4 Bd4+ 31. Rxd4 cxd4 32. Qxg5 hxg5 33. Bf1 Ne3 34.
Bg2 Kg7 35. Re2 Rf4 36. Kh2 Kf6 37. Kg3 Nxg2 38. Kxg2 Kf5 39. Kg3 d3 40. Re3
Rd4 41. Re1 d2 42. Rd1 Ke4 43. Kf2 Kd3 0-1

[Event "4NCL Division Three West"]
[Site "Warwick, ENG"]
[Date "2023.04.30"]
[Round "10.46"]
[White "Gurner, Jem"]
[Black "Hung, Jake"]
[Result "1-0"]
[WhiteElo "1851"]
[BlackElo "1838"]
[PlyCount "43"]
[EventDate "2023.04.30"]
[WhiteTeam "Oxford 2"]
[BlackTeam "Barnet Knights B"]

1. e4 c6 2. d4 d5 3. e5 Bf5 4. h4 h5 5. Bd3 Bxd3 6. Qxd3 Qa5+ 7. Nd2 e6 8. Ngf3
Qa6 9. c4 Ne7 10. O-O Nf5 11. b3 c5 12. dxc5 Bxc5 13. Qc2 Nd7 14. cxd5 Rc8 15.
Ne4 O-O 16. dxe6 fxe6 17. Qd1 Rc7 18. Bb2 Qb6 19. Nfg5 Ng3 20. Nxg3 Bxf2+ 21.
Kh1 Bxg3 22. Qxh5 1-0

[Event "4NCL Division Three West"]
[Site "Warwick, ENG"]
[Date "2023.04.30"]
[Round "10.51"]
[White "Ogunshola, Ben"]
[Black "Habershon, Paul F"]
[Result "1-0"]
[WhiteElo "2104"]
[BlackElo "1907"]
[PlyCount "59"]
[EventDate "2023.04.30"]
[WhiteTeam "Brown Jack"]
[BlackTeam "MK Phoenix 2"]

1. c4 Nf6 2. Nf3 d6 3. Nc3 g6 4. g3 Bg7 5. Bg2 e5 6. O-O O-O 7. d3 Nc6 8. Rb1
a5 9. a3 Nh5 10. b4 axb4 11. axb4 h6 12. b5 Ne7 13. Bb2 f5 14. e4 f4 15. d4 Bg4
16. Nd5 Nxd5 17. cxd5 Qe7 18. Qd3 Rf7 19. dxe5 Bxe5 20. Nxe5 dxe5 21. h3 f3 22.
hxg4 fxg2 23. Kxg2 Nf6 24. f3 Nd7 25. Ra1 Rxa1 26. Rxa1 b6 27. Ba3 Nc5 28. Qc3
Kg7 29. Rh1 g5 30. Rc1 1-0

[Event "4NCL Division Three West"]
[Site "Warwick, ENG"]
[Date "2023.04.30"]
[Round "10.52"]
[White "Valentine, Brian J"]
[Black "Parker, Francis"]
[Result "1-0"]
[WhiteElo "1911"]
[BlackElo "1955"]
[PlyCount "130"]
[EventDate "2023.04.30"]
[WhiteTeam "MK Phoenix 2"]
[BlackTeam "Brown Jack"]

1. e4 c5 2. Nf3 a6 3. c4 e6 4. d4 cxd4 5. Nxd4 Nf6 6. Qf3 Bc5 7. Nb3 Bb4+ 8.
Bd2 Bxd2+ 9. N1xd2 O-O 10. e5 Ne8 11. Bd3 Qg5 12. Qg3 h6 13. f4 Qxg3+ 14. hxg3
d6 15. exd6 Nxd6 16. O-O-O Nc6 17. g4 Nb4 18. Bb1 b5 19. c5 Nc4 20. Nxc4 bxc4
21. Na5 Ra7 22. Rd4 Nd5 23. Re1 c3 24. b4 Rc7 25. Bd3 g5 26. g3 Kg7 27. a3 Nf6
28. fxg5 hxg5 29. Re5 Rd7 30. Rxd7 Nxd7 31. Rxg5+ Kf6 32. Rh5 Rg8 33. g5+ Rxg5
34. Rxg5 Kxg5 35. Nc4 f5 36. Be2 Nb8 37. Kc2 Bd7 38. Ne5 Be8 39. Kxc3 f4 40.
gxf4+ Kxf4 41. Kd4 Ba4 42. Bc4 Kf5 43. Bd3+ Kf6 44. Be4 Ke7 45. Nc4 Nc6+ 46.
Bxc6 Bxc6 47. Ke5 Bd5 48. Ne3 Bb3 49. Ng2 Ba4 50. Nf4 Bd7 51. Ne2 Bb5 52. Nd4
Bc4 53. a4 Kd7 54. c6+ Kc7 55. Nxe6+ Bxe6 56. Kxe6 Kxc6 57. Ke5 a5 58. b5+ Kc5
59. Ke4 Kb6 60. Kd5 Kb7 61. Kc5 Ka7 62. Kc6 Ka8 63. Kb6 Kb8 64. Ka6 Ka8 65. b6
Kb8 1-0

[Event "4NCL Division Three West"]
[Site "Warwick, ENG"]
[Date "2023.04.30"]
[Round "10.53"]
[White "Tomboline, David"]
[Black "Williamson, Kevin J"]
[Result "1/2-1/2"]
[WhiteElo "1941"]
[BlackElo "1884"]
[PlyCount "47"]
[EventDate "2023.04.30"]
[WhiteTeam "Brown Jack"]
[BlackTeam "MK Phoenix 2"]

1. d4 d5 2. Bf4 Bg4 3. h3 Bh5 4. Nd2 e6 5. Ngf3 Bd6 6. e3 Ne7 7. Be2 O-O 8. O-O
Bxf4 9. exf4 Nd7 10. Ne5 Bxe2 11. Qxe2 Ng6 12. g3 Ngxe5 13. fxe5 c5 14. dxc5
Qc7 15. Rfe1 Qxc5 16. Nb3 Qc7 17. c3 Nc5 18. Nd4 Ne4 19. f4 Nxg3 20. Qg4 Ne4
21. Re2 Qe7 22. Rg2 f5 23. Qh5 Rae8 24. Kh2 1/2-1/2

[Event "4NCL Division Three West"]
[Site "Warwick, ENG"]
[Date "2023.04.30"]
[Round "10.54"]
[White "Matthews, Adrian M S"]
[Black "Conterno, Dominique"]
[Result "1/2-1/2"]
[WhiteElo "1765"]
[BlackElo "1852"]
[PlyCount "117"]
[EventDate "2023.04.30"]
[WhiteTeam "MK Phoenix 2"]
[BlackTeam "Brown Jack"]

1. e4 d6 2. d4 Nf6 3. Nc3 g6 4. Bg5 Bg7 5. Nf3 h6 6. Bh4 g5 7. Bg3 Nh5 8. Be2
Nxg3 9. hxg3 Nc6 10. d5 Ne5 11. Nxe5 Bxe5 12. Bh5 Bg7 13. Qf3 O-O 14. Qd3 c6
15. f4 cxd5 16. fxg5 dxe4 17. Qxe4 Qa5 18. gxh6 Bxc3+ 19. bxc3 Qe5 20. Qxe5
dxe5 21. Rb1 Rb8 22. Rb5 f6 23. Rc5 b6 24. Rc7 Rb7 25. Rxb7 Bxb7 26. Bf3 e4 27.
Be2 Bd5 28. c4 Be6 29. Kd2 Rc8 30. Ke3 Bxc4 31. Bg4 e6 32. Rd1 f5 33. Bh5 Kh7
34. Kf4 Kxh6 35. g4 Bxa2 36. Rh1 Kg7 37. gxf5 exf5 38. Kxf5 Rxc2 39. Kxe4 Rxg2
40. Rc1 a5 41. Rc7+ Kf8 42. Ra7 Rh2 43. Bd1 Rh4+ 44. Ke5 Rh6 45. Bg4 Bb3 46.
Bd7 a4 47. Bxa4 Bxa4 48. Rxa4 Ke7 49. Ra7+ Kd8 50. Kd5 Kc8 51. Kc4 Kb8 52. Rg7
Rc6+ 53. Kb5 Rc7 54. Rg6 Kb7 55. Rg5 Rc1 56. Rg7+ Rc7 57. Rg5 Rc5+ 58. Rxc5
bxc5 59. Kxc5 1/2-1/2

[Event "4NCL Division Three West"]
[Site "Warwick, ENG"]
[Date "2023.04.30"]
[Round "10.55"]
[White "Jones, Mark A"]
[Black "Obi, Okwose Marc"]
[Result "1/2-1/2"]
[WhiteElo "1829"]
[BlackElo "1772"]
[PlyCount "69"]
[EventDate "2023.04.30"]
[WhiteTeam "Brown Jack"]
[BlackTeam "MK Phoenix 2"]

1. e4 c5 2. Nf3 a6 3. c4 Nc6 4. d4 cxd4 5. Nxd4 Nf6 6. Nxc6 bxc6 7. Nc3 e5 8.
g3 Bc5 9. Bg2 d6 10. O-O O-O 11. Qd3 Be6 12. b3 Qc7 13. Bg5 Ng4 14. h3 h6 15.
Bd2 Nf6 16. Rac1 Rad8 17. Na4 Bd4 18. Be3 c5 19. Bxd4 exd4 20. f4 Nd7 21. f5
Ne5 22. Qd2 Bd7 23. f6 Bxa4 24. bxa4 Kh7 25. Rf4 g5 26. Rf5 Rg8 27. Qe2 Rb8 28.
Bf3 Rb4 29. Bg4 Qb8 30. Rxe5 dxe5 31. Bf5+ Rg6 32. Qg4 Qb7 33. Kf1 Rb1 34.
Bxg6+ fxg6 35. Qe6 1/2-1/2

[Event "4NCL Division Three West"]
[Site "Warwick, ENG"]
[Date "2023.04.30"]
[Round "10.56"]
[White "Shaw, John S"]
[Black "Fernando, Manel"]
[Result "1-0"]
[WhiteElo "1663"]
[BlackElo "1492"]
[PlyCount "59"]
[EventDate "2023.04.30"]
[WhiteTeam "MK Phoenix 2"]
[BlackTeam "Brown Jack"]

1. d4 d5 2. Nf3 c6 3. c4 Nf6 4. e3 e6 5. Nbd2 Bd6 6. Bd3 Nbd7 7. O-O O-O 8. Bc2
Qc7 9. b3 Re8 10. c5 Bf8 11. Bb2 Be7 12. b4 Nf8 13. Ne5 b6 14. f4 Rb8 15. Bb3
Ng6 16. Rf3 bxc5 17. dxc5 Nd7 18. Nxd7 Qxd7 19. Rh3 f5 20. Qh5 Nf8 21. Rg3 Ng6
22. Nf3 Bf6 23. Bxf6 gxf6 24. Nh4 Re7 25. Nxg6 hxg6 26. Rf1 Rg7 27. Rxg6 Rxb4
28. Rf3 Rb7 29. Rxg7+ Qxg7 30. Rg3 1-0